000 00438nam a2200169Ia 4500
005 20250603145412.0
008 250603s9999 xx 000 0 und d
020 _a1-59784-073-4
050 _aBP 161.3 .M849/
245 0 _aMuslim citizens of the globalized world : contributions of the Gulen movement
260 _aNew Jersey
260 _bTughra Books
260 _c2007
300 _a213 p
650 _aNew Jersey
942 _cBK
999 _c41755
_d41755